Modern organisation development and change: (Record no. 19113)

MARC details
000 -LEADER
fixed length control field 01008nam a22002657a 4500
008 - FIXED-LENGTH DATA ELEMENTS--GENERAL INFORMATION
fixed length control field 081125t xxu||||| |||| 00| 0 eng d
010 ## - LCCN (DPL NO)
LC control number ENG-91813
020 ## - INTERNATIONAL STANDARD BOOK NUMBER
International Standard Book Number 9788189915537
Terms of availability 1580.00
020 ## - INTERNATIONAL STANDARD BOOK NUMBER
International Standard Book Number 8189915533
Terms of availability 1580.00
035 ## - SYSTEM CONTROL NUMBER
System control number EN-75346
037 ## - SOURCE OF ACQUISITION
Source of stock number/acquisition DBAD / PUB
040 ## - CATALOGING SOURCE
Original cataloging agency dpl
Language of cataloging English
082 ## - DEWEY DECIMAL CLASSIFICATION NUMBER
Classification number 658.1
100 ## - MAIN ENTRY--PERSONAL NAME
Personal name Jain, J.N.
245 ## - TITLE STATEMENT
Title Modern organisation development and change:
Statement of responsibility, etc by J.N. Jain [and] P.P. Singh
Remainder of title principles and practices /
260 ## - PUBLICATION, DISTRIBUTION, ETC. (IMPRINT)
Place of publication, distribution, etc New Delhi
Name of publisher, distributor, etc Regal Publications
Date of publication, distribution, etc 2007
270 ## - ADDRESS
Address 912-915, Tolstoy House, 15-17, Tolstoy Marg,
City New Delhi
Postal code 110001
300 ## - PHYSICAL DESCRIPTION
Extent xiv, 513p.
Dimensions 25cm (Hb)
500 ## - GENERAL NOTE
General note Includes glossary and index
650 ## - SUBJECT ADDED ENTRY--TOPICAL TERM
Topical term or geographic name as entry element Organizational change
650 ## - SUBJECT ADDED ENTRY--TOPICAL TERM
Topical term or geographic name as entry element Management
700 ## - ADDED ENTRY--PERSONAL NAME
Personal name Singh, P.P.
942 ## - ADDED ENTRY ELEMENTS (KOHA)
Source of classification or shelving scheme Dewey Decimal Classification
Item type English Books
Call number suffix JAI
Classification part 658.1
Holdings
Withdrawn status Lost status Source of classification or shelving scheme Damaged status Not for loan Collection code Home library Current library Date acquired Source of acquisition Cost, normal purchase price Total Checkouts Full call number Barcode Date last seen Copy number Cost, replacement price Koha item type
    Dewey Decimal Classification   Not For Loan Non-fiction D.B.Act.Division D.B.Act.Division 25/11/2008 DBAD / PUB 1580.00   658.1 JAI EN-75346 25/11/2008 1 1580.00 English Books

© Delhi Public Library
Hit Counter
free hit counter